Statistiques concernant Culture Générale - Série 1441

Cliquez ici pour prendre le quiz!

Statistiques générales

  • Ce quiz a été pris 174 fois
  • Le résultat moyen est 7 sur 10

Statistiques - réponses

QuestionRéponse% Correct
Quelle Française oscarisée, prénommée Marion, donne la réplique à Leonardo DiCaprio dans le film "Inception" de Christopher Nolan ?Marion Cotillard
95%
De quel livre de Rudyard Kipling, Mowgli est-il le héros ?Le Livre de la jungle
94%
D'après la Convention des Nations Unies, de quel pays le sigle "MEX", apposé sur les voitures est-il le code ?Mexique
91%
De quelle série de bandes dessinées est tiré l'album : "Les Cigares du Pharaon" ?Les aventures de Tintin
90%
Quelle île des Caraïbes est devenue un État socialiste, quelques mois après le renversement du général Batista, en 1959 ?Cuba
88%
Quelle chanteuse interprète "Waka Waka (this time for Africa)", l'hymne officiel de la Coupe du monde de football 2010 ?Shakira
79%
Quel paquebot transatlantique, rebaptisé Norway puis Blue Lady, a été lancé en 1960 ?France
52%
A quel impressionniste doit-on "Olympia", célèbre tableau représentant une femme nue et sa servante noire ?Édouard Manet
44%
Quel adjectif masculin désigne le mari ou la femme non couronné(e) d'un souverain régnant ?consort
39%
Dans quel pays se trouve la grande ville de Chittagong ?Bangladesh
22%

Distribution des résultats

Percentile par nombre de réponses

% des personnes avec chaque résultat

Votre développement - résultats

Vous n’avez pas pris ce quiz